=LDR 00000nam 2200000 4500 =001 NUTBA000000000000202 =005 20140318134559.0 =006 =007 =008 =020 ##$$a 978-979-22 =035 ##$$a 0010-031400000000201 =040 ##$$a Ind =090 ##$$a 745.5$bWij s =100 ##$$a Henny indarti widjaja =245 ##$$a Sukses corn craft$b26 Kreasi laku dijual$cHenny indarti widjaja =260 ##$$a Jakarta$bGramedia$c2011. =300 ##$$a 86 hlm$bilus$c25 cm. =850 ##$$a NBPNMAT =990 ##$$a 21104099 =990 ##$$a 90428/BPAP-NTB/2014